The Lokpal Idea 1963-2010; (Record no. 176929)

MARC details
000 -LEADER
fixed length control field 00849nam a22002177a 4500
005 - DATE AND TIME OF LATEST TRANSACTION
control field 20210203111826.0
010 ## - LCCN (DPL NO)
LC control number ENG-128928-29
020 ## - INTERNATIONAL STANDARD BOOK NUMBER
International Standard Book Number 978-93-5287-474-3
Terms of availability 1245.00 (Vol. 1)
020 ## - INTERNATIONAL STANDARD BOOK NUMBER
International Standard Book Number 978-93-5287-559-7
Terms of availability 1500.00 (Vol. 2)
035 ## - SYSTEM CONTROL NUMBER
System control number EN-112460 (Vol. 1)
035 ## - SYSTEM CONTROL NUMBER
System control number EN-112461 (Vol. 2)
037 ## - SOURCE OF ACQUISITION
Source of stock number/acquisition DBAD/PUB
082 ## - DEWEY DECIMAL CLASSIFICATION NUMBER
Classification number 345.5402323
100 ## - MAIN ENTRY--PERSONAL NAME
Personal name Dhavan, Rajeev
245 ## - TITLE STATEMENT
Title The Lokpal Idea 1963-2010;
Remainder of title Anna and the Lokpal Bill/
Statement of responsibility, etc Rajeev Dhavan
260 ## - PUBLICATION, DISTRIBUTION, ETC. (IMPRINT)
Place of publication, distribution, etc Telangana
Name of publisher, distributor, etc Orient Blackswan Private Limited
Date of publication, distribution, etc 2019
270 ## - ADDRESS
City Telangana
Postal code 500029
Address 3-6-752, Himayatnagar, Hyderabad
Electronic mail address info@orientblackswan.com
300 ## - PHYSICAL DESCRIPTION
Extent xv+415(Vol. 1), xxii+601 (Vol. 2)p.
Dimensions 22cm(hbk)
Other physical details including index.
490 ## - SERIES STATEMENT
Volume number/sequential designation The Lokpal Idea 1963-2010 (Vol. 1); Anna and the Lokpal Bill (Vol. 2)
942 ## - ADDED ENTRY ELEMENTS (KOHA)
Source of classification or shelving scheme Dewey Decimal Classification
Item type English Books
Classification part 345.5402323
Call number suffix DHA
Holdings
Withdrawn status Lost status Materials specified (bound volume or other part) Not for loan Collection code Home library Current library Date acquired Source of acquisition Cost, normal purchase price Full call number Barcode Copy number Cost, replacement price Koha item type
    Vol. 1   Non-fiction Sarojini Nagar Sarojini Nagar 02/02/2021 DBAD/PUB 1245.00 345.5402323 DHA EN-112460 1 1245.00 English Books
    Vol. 2   Non-fiction Sarojini Nagar Sarojini Nagar 03/02/2021 DBAD/PUB 1500.00 345.5402323 DHA EN-112461 1 1500.00 English Books

© Delhi Public Library
Hit Counter
free hit counter